[Event "SUI-ch op"]
[Site "Flims"]
[Date "2016.07.09"]
[Round "3"]
[White "Brauchli, Joerg"]
[Black "Meier, Beat"]
[Result "1/2-1/2"]
[WhiteElo "2050"]
[BlackElo "1740"]
[PlyCount "72"]
[EventDate "2016.07.08"]
[EventType "swiss"]
[EventRounds "9"]
[EventCountry "SUI"]
[SourceTitle "CBM 173 Extra"]
[Source "ChessBase"]
[SourceDate "2016.08.29"]
[SourceVersion "1"]
[SourceVersionDate "2016.08.29"]
[SourceQuality "1"]

1. d4 Nf6 2. Nf3 e6 3. e3 b6 4. Bd3 Bb7 5. Nbd2 Be7 6. 0-0 d5 7. b3 0-0 8. Bb2 Nbd7 9. c4 dxc4 10. bxc4 c5 11. Rc1 cxd4 12. exd4 Qc7 13. Qe2 Rfe8 14. Bc2 Rad8 15. Qd3 Qc6 16. Rfe1 Nf8 17. Qf1 Qc7 18. Ne5 Bb4 19. Red1 Qe7 20. Qd3 N6d7 21. Nxd7 Rxd7 22. Ne4 Qh4 23. Qg3 Qxg3 24. hxg3 Red8 25. Nd2 Be7 26. Nb3 Bf6 27. Rd2 Ng6 28. Rcd1 Ne7 29. Kf1 Ba6 30. Rc1 Nc6 31. Ke1 Be7 32. c5 Nb4 33. a3 Nd5 34. Be4 Rc7 35. Rdc2 Rdc8 36. Kd2 Bb7 1/2-1/2